[Event "GCT Saint Louis Rapid 2019"]
[Site "Saint Louis"]
[Date "2019.08.10"]
[Round "3.1"]
[White "Carlsen, Magnus"]
[Black "Dominguez Perez, Leinier"]
[Result "1-0"]
[WhiteElo "2872"]
[BlackElo "2760"]
[Annotator "TA"]
[PlyCount "59"]
[EventDate "2019.08.10"]
[EventType "tourn"]
[EventCountry "USA"]
[SourceTitle "playchess.com"]
[Source "ChessBase"]
[SourceQuality "1"]

{[%evp 12,59,28,16,21,-22,-9,-12,0,0,25,29,29,11,47,43,63,45,71,10,127,93,74,48,50,48,149,131,183,173,185,98,145,108,114,125,383,387,342,380,360,367,358,362,579,522,1008,925,1178,1125]} 1. d4 d5 2. c4 e6 3. Nc3 Nf6 4. cxd5 Nxd5 5. e4 Nxc3 6. bxc3 c5 7. Rb1 Be7 {D35: Queen's Gambit Declined: Exchange Variation} 8. h4 $146 ({Predecessor:} 8. Nf3 O-O 9. Bc4 a6 10. a4 Qc7 11. Bd3 Nc6 12. O-O cxd4 13. cxd4 Nb4 14. Ba3 Nxd3 15. Qxd3 Bxa3 16. Qxa3 {½-½ (33) Akobian,V (2625)-Dominguez Perez,L (2739) Saint Louis 2019}) 8... O-O 9. h5 h6 {The position is equal.} 10. Qg4 f5 11. Qg3 Kh8 12. Nh3 {Black should prevent Nf4.} cxd4 {[#] Strongly threatening ...Bh4.} 13. Nf4 $40 {[%mdl 128] aiming for Ng6+. White attacks.} Kh7 14. Bc4 {[%mdl 1024] White has compensation.} Bg5 15. O-O (15. Bxe6 Nc6 $11) ({White should try} 15. Ng6 $16 Rf7 16. f4 dxc3 17. Qxc3) 15... Nc6 (15... fxe4 $11 {keeps the balance.} 16. cxd4 Nc6) 16. Ng6 ({Much less strong is} 16. Nxe6 $6 Bxe6 17. Bxe6 fxe4 $11) 16... Re8 17. Rd1 Bxc1 $1 18. Rbxc1 Qg5 (18... e5 $1 $14) 19. exf5 ({Much weaker is} 19. cxd4 $6 Qxg3 20. fxg3 fxe4 $11) 19... exf5 (19... Qxg3 $16 20. fxg3 exf5) 20. cxd4 $18 {[%cal Bc3d4,Bd4d5][%mdl 32]} Bd7 21. Qc7 ({White should play} 21. Bf7 $18 Qxg3 22. fxg3) 21... Rad8 {Black wants to play ...Nxd4!} 22. d5 (22. Qxb7 $2 Nxd4 23. f4 Qg3 $19) 22... Nd4 {[#] Hoping for ...Nf3+.} 23. Qg3 $1 {[%cal Rg3g5] Qxg5 is the strong threat.} Re4 $2 {[%mdl 8192]} (23... Rc8 $16) 24. Qxg5 hxg5 25. f3 Ne2+ 26. Kf2 Nxc1 27. fxe4 Rc8 (27... b5 $142 28. e5 bxc4 29. Rxc1 f4) 28. Rxc1 {White is clearly winning.} b5 29. e5 Be8 30. d6 {Accuracy: White = 60%, Black = 23%.} 1-0

[Event "GCT Saint Louis Rapid 2019"]
[Site "Saint Louis"]
[Date "2019.08.10"]
[Round "3.2"]
[White "Ding, Liren"]
[Black "Caruana, Fabiano"]
[Result "1/2-1/2"]
[WhiteElo "2812"]
[BlackElo "2819"]
[Annotator "TA"]
[PlyCount "75"]
[EventDate "2019.08.10"]
[EventType "tourn"]
[EventCountry "USA"]
[SourceTitle "playchess.com"]
[Source "ChessBase"]
[SourceQuality "1"]

{[%evp 9,75,23,54,39,46,43,54,40,47,37,52,33,46,30,50,27,53,55,50,35,48,31,23,29,49,59,69,8,6,6,6,10,14,3,42,39,46,28,28,28,39,33,33,28,37,50,33,12,48,15,52,12,16,0,0,0,0,0,0,0,0,0,0,0,0,0,0,0]} 1. d4 Nf6 2. c4 e6 3. Nf3 d5 4. Nc3 dxc4 5. e4 b5 $146 (5... Bb4 6. Bg5 c5 7. Bxc4 cxd4 8. Nxd4 Bxc3+ 9. bxc3 Qa5 10. Bd2 O-O 11. Qe2 e5 12. Nb3 Qc7 13. O-O Bg4 14. f3 Rc8 15. Bd5 Nxd5 16. exd5 Bh5 17. c4 {1-0 (38) Carlsen,M (2845)-Aronian,L (2763) Karlsruhe/Baden Baden 2019}) 6. e5 {D24: Queen's Gambit Accepted: 3 Nf3 Nf6 4 Nc3} Nd5 7. Nxb5 Nb6 8. Be2 {White is slightly better.} Nc6 9. O-O Be7 10. Qd2 Bb7 11. Rd1 Qd7 12. Nc3 Nb4 13. Qf4 f5 14. Qg3 O-O 15. h4 Kh8 16. Bg5 N4d5 17. Nd2 Nxc3 18. bxc3 ({White should try} 18. Qxc3 $14 Bxg5 19. hxg5) 18... Bd5 $11 19. a4 {Threatens to win with Bxe7.} a5 20. Rdb1 Bxg5 21. hxg5 f4 22. Qh3 Nxa4 {White should prevent ...f3!} 23. Nxc4 f3 $1 {[%cal Rf3e2]} 24. Bd3 {[%csl Gd3][%cal Rh3h7]} ({But not} 24. Bxf3 $2 Bxf3 25. gxf3 Nxc3 $19) 24... g6 {White must now prevent ...Bxc4.} 25. Ne3 Nxc3 26. Rc1 Ne2+ $1 27. Bxe2 $1 fxe2 28. Ng4 Rfb8 29. Nf6 Qe7 30. Rc2 Rb3 $1 {[%cal Rb3h3] The position is equal.} 31. Nxd5 Qa3 $1 {[%cal Ra3a1]} 32. Qxe6 Qxa1+ {[%mdl 64] [#] Double Attack} 33. Kh2 $1 {[%mdl 512] [#] Threatening mate with Qf6+.} Rb6 $1 {[%cal Rb6e6][%mdl 512]} 34. Nxb6 {Intending Qf6+ and mate.} e1=Q {Hoping for ...Qh1+.} 35. Qf6+ Kg8 36. Qe6+ Kh8 37. Qf6+ Kg8 38. Qe6+ {Accuracy: White = 58%, Black = 65%.} 1/2-1/2

[Event "GCT Saint Louis Rapid 2019"]
[Site "Saint Louis"]
[Date "2019.08.10"]
[Round "3.3"]
[White "Karjakin, Sergey"]
[Black "Yu, Yangyi"]
[Result "1/2-1/2"]
[WhiteElo "2748"]
[BlackElo "2736"]
[Annotator "TA"]
[PlyCount "88"]
[EventDate "2019.08.10"]
[EventType "tourn"]
[EventCountry "USA"]
[SourceTitle "playchess.com"]
[Source "ChessBase"]
[SourceQuality "1"]

{[%evp 12,88,14,6,41,38,35,42,48,44,56,45,60,67,53,52,111,101,108,98,124,129,139,139,157,127,127,129,142,136,127,111,121,113,121,117,128,121,133,131,156,154,185,107,142,106,129,102,138,0,0,0,7,-7,0,-182,-185,-184,-187,-185,-104,-306,-262,-322,-300,-286,-27,-24,0,0,0,0,0,0,0,-4,0,0,0]} 1. Nf3 d5 2. d4 Nf6 3. e3 e6 4. b3 c5 5. Bd3 Nc6 6. O-O cxd4 7. exd4 g6 {D05: Colle System with ...e6} (7... Be7 8. Bb2 O-O 9. Nbd2 b6 10. a3 Bb7 11. Qe2 Rc8 12. Rfe1 Rc7 13. Rac1 Qa8 14. Ng5 h6 15. Ngf3 Rd8 16. b4 Bf8 17. Ne5 a5 18. c3 Nxe5 19. dxe5 Ne4 {1-0 (82) Markus,R (2649)-Jovanovic,Z (2526) Hungary 2016}) 8. Re1 Bg7 9. Ba3 Ne7 {White is slightly better.} 10. Nbd2 $146 ({Predecessor:} 10. c4 O-O 11. Nc3 Re8 12. Rc1 a6 13. Ne5 Nf5 14. Bb1 dxc4 15. Bxf5 exf5 16. bxc4 {1-0 (24) Perera,P (2004)-Cooper,N (1643) Auckland 2017}) 10... O-O 11. Ne5 b6 12. Qe2 Bb7 13. Rad1 Qc7 (13... Rc8 $14) 14. Ndf3 $16 Nf5 15. Bxf8 Rxf8 16. c4 Ne4 {With the idea ...Nc3.} 17. Qb2 ({Stronger than} 17. Bxe4 dxe4 18. Ng5 Nxd4 $17) 17... Qd6 18. cxd5 exd5 19. Nc4 Qd8 20. Ne3 Nfd6 21. Bf1 h5 22. g3 Re8 23. Ne5 h4 24. Bg2 hxg3 25. hxg3 a5 26. a4 Re7 27. Nd3 ({Better is} 27. b4 $18) 27... Bh6 28. Nf4 Bxf4 29. gxf4 Re8 30. Ng4 (30. Bxe4 $16 Rxe4 31. Ng2) 30... Bc8 $11 31. Ne5 Qh4 32. Rc1 Kg7 {[#] Strongly threatening ...Rh8.} 33. Rc7 $2 (33. Rxe4 $1 $11 {and White is okay.} Nxe4 34. Rc7) 33... Rh8 34. Nf3 Qxf4 {Threatens to win with ...Bh3.} 35. Qc1 {[#]} Qf6 $1 {[%mdl 1024] White must now prevent ...Bh3. Black has strong compensation.} ({Don't take} 35... Qg4 36. Rc6 $11) 36. Qc6 $2 (36. Rc6 $17) 36... Bg4 37. Re3 Rh5 ({Weaker is} 37... Bxf3 38. Rxf3 Qxd4 39. Qc1 $17) 38. Qc1 Rf5 $2 (38... Bh3 $19 39. Qf1 Bxg2 40. Qxg2 Qf4) 39. Ne5 $1 {[%cal Re5g4]} Rxe5 40. dxe5 {The position is equal.} Qxf2+ 41. Kh2 Qh4+ (41... d4 $5 42. Rd3 $8 Qh4+ 43. Kg1 Qf2+ 44. Kh2 Qh4+ 45. Kg1 Qf2+ 46. Kh1 Qh4+ 47. Kg1 $11) 42. Kg1 {Hoping for Qb2.} Qf2+ 43. Kh2 Qh4+ (43... d4 $5 44. Rd3 $8 Qh4+ 45. Kg1 Qf2+ 46. Kh2 Qh4+ 47. Kg1 Qf2+ 48. Kh2 $11) 44. Kg1 {Qb2 is the strong threat.} Qf2+ {Accuracy: White = 57%, Black = 55%.} 1/2-1/2

[Event "GCT Saint Louis Rapid 2019"]
[Site "Saint Louis"]
[Date "2019.08.10"]
[Round "3.4"]
[White "Mamedyarov, Shakhriyar"]
[Black "Aronian, Levon"]
[Result "0-1"]
[WhiteElo "2765"]
[BlackElo "2756"]
[Annotator "TA"]
[PlyCount "90"]
[EventDate "2019.08.10"]
[EventType "tourn"]
[EventCountry "USA"]
[SourceTitle "playchess.com"]
[Source "ChessBase"]
[SourceQuality "1"]

{[%evp 14,90,16,14,18,13,20,4,16,0,7,12,12,6,10,9,10,7,5,13,4,4,29,0,0,0,0,0,62,18,12,18,2,14,18,17,38,0,0,-5,0,-33,-36,-41,0,-125,-130,-200,-198,-200,-123,-121,-48,-39,-8,-8,-8,-8,-9,-6,-8,-8,-8,-9,0,-28,-16,-17,-19,-20,-17,-83,-105,-193,-60,-442,-425,-570,-526]} 1. d4 Nf6 2. c4 e6 3. Nf3 d5 4. Nc3 Bb4 5. Qa4+ $146 ({Predecessor:} 5. Bg5 h6 6. Bxf6 Qxf6 7. Qa4+ {1-0 (47) Radjabov,T (2751)-So,W (2776) Batumi 2018}) 5... Nc6 6. Bg5 h6 7. Bxf6 Qxf6 8. e3 O-O {D38: Queen's Gambit Declined: Ragozin Defence (4 Nf3 Bb4)} 9. Be2 dxc4 10. O-O Bd7 {The position is equal.} 11. Bxc4 Bxc3 12. bxc3 Rfd8 {Black wants to play ...Nxd4.} 13. Be2 Be8 14. Qa3 Qe7 15. Qb2 b6 16. c4 Na5 17. e4 f6 18. e5 Rac8 19. Rad1 c5 20. d5 Bh5 (20... exd5 $11 21. cxd5 c4) 21. exf6 Qxf6 22. Ne5 Bxe2 23. Qxe2 exd5 24. cxd5 c4 25. Ng4 Qg6 26. Rd4 b5 27. Ne3 Nb7 $1 28. h4 h5 29. g4 (29. a4 $11 {remains equal.}) 29... Nd6 $17 30. Qf3 (30. Ng2 $17 {keeps fighting.}) 30... Rf8 $1 $19 {[%cal Rf8f3]} 31. Qg2 Rce8 32. gxh5 Qxg2+ ({Black should play} 32... Qxh5 $17 33. Rg4 Rf7) 33. Kxg2 $15 Re5 34. a4 a6 35. axb5 axb5 36. Ra1 $1 Rxh5 37. Ra6 Nf5 38. Nxf5 Rhxf5 $11 {[%mdl 4096] Endgame KRR-KRR} 39. Ra2 c3 {aiming for ...Rf4.} 40. d6 Rc5 {Threatens to win with ...c2.} 41. Rc2 Rd8 42. f4 (42. Kf3 $11) 42... Kf7 $17 43. Kf3 (43. d7 $17 {was the only chance.}) 43... Ke6 {[#]} (43... Ke8 $1 $19 44. Ke4 Kd7) 44. Re2+ $2 {[%mdl 8192] [#]} ({White must play} 44. d7 $1 $15 {[%mdl 512]}) 44... Kd7 $1 $19 {...c2 is the strong threat.} 45. Rd1 Kc6 {Accuracy: White = 40%, Black = 63%.} 0-1

[Event "GCT Saint Louis Rapid 2019"]
[Site "Saint Louis"]
[Date "2019.08.10"]
[Round "3.5"]
[White "Vachier-Lagrave, Maxime"]
[Black "Rapport, Richard"]
[Result "1-0"]
[WhiteElo "2775"]
[BlackElo "2735"]
[Annotator "TA"]
[PlyCount "99"]
[EventDate "2019.08.10"]
[EventType "tourn"]
[EventCountry "USA"]
[SourceTitle "playchess.com"]
[Source "ChessBase"]
[SourceQuality "1"]

{[%evp 17,99,-20,-13,-31,-30,-31,-33,-33,-33,-30,-32,-32,-32,-34,-32,-34,-34,-22,-23,-20,-20,-20,-19,-36,0,-48,0,0,20,-24,-36,-39,-38,-97,-121,-61,0,0,0,-160,-145,-163,-165,-177,-144,-163,-147,-173,-82,-57,-46,-136,-127,-126,-128,-133,-85,-138,-80,-151,-16,-39,0,0,393,372,386,360,2120,2039,1750,1864,2037,823,764,756,649,9,4125,4120,29977,29978,29990,673]} 1. e4 e6 2. d4 d5 3. e5 c5 4. c3 Nc6 5. Nf3 Qb6 6. a3 c4 7. Nbd2 Na5 8. g3 Bd7 9. h4 O-O-O ({Predecessor:} 9... h6 10. Bh3 Ne7 11. O-O O-O-O 12. h5 Kb8 13. Re1 Nc8 14. Rb1 Qc7 {½-½ (64) Afyoncu,O (2112)-Cebelli,O (2130) Konya 2011}) 10. Bh3 {C02: French: Advance Variation} Kb8 $146 (10... f5 11. exf6 gxf6 12. O-O Nh6 13. Re1 Nf5 14. Rb1 Bd6 15. Nf1 Rdg8 16. Ne3 Nxg3 17. fxg3 Rxg3+ {½-½ (38) Svidler,P (2727)-Fedoseev,V (2659) Berlin 2015}) 11. O-O h6 12. Re1 {Black is slightly better.} Ne7 13. Rb1 Nc8 14. Nf1 Qc7 15. h5 Nb6 16. Be3 Ba4 17. Qe2 Be7 18. N3h2 Qd7 19. f4 g6 20. Bf2 Rdg8 21. Ne3 Nc6 22. Kh1 Bd8 23. hxg6 fxg6 24. Qg4 Qh7 25. b3 ({Better is} 25. Qxe6 $15 Nxd4 26. cxd4) 25... cxb3 $17 26. Qxe6 Nxd4 (26... Ne7 $1 $15 27. Qd6+ Bc7) 27. cxd4 $11 Bd7 28. Qxd7 $2 ({White must play} 28. Qd6+ $11 Bc7 29. Qc5 Bxh3 30. Nxd5 (30. Rxb3 Rc8 $11)) 28... Nxd7 $17 29. Rxb3 Nb6 30. a4 Nxa4 31. Nxd5 g5 32. f5 {[#]} g4 $1 33. Bg2 (33. Nxg4 Qxf5) 33... Nb6 34. Ne3 (34. Be3 $15) 34... h5 35. f6 h4 36. Kg1 Bc7 37. Rc1 ({White should play} 37. Nhxg4 hxg3 38. Bxg3) 37... Qd7 (37... h3 $142 38. Bh1 Qd7) 38. Rd1 (38. Rbc3 $142 Na8 39. Bd5) 38... hxg3 (38... Rg6 $17 {Hoping for ...Rxf6!} 39. Be1 Qe6) 39. Bxg3 $11 Rh3 40. Nhf1 $1 Rh5 $2 {[%mdl 8192]} (40... Ka8 $1 $11) 41. Rc3 $18 {Threatens to win with Rxc7!} Rc8 42. Rdc1 $1 Qxd4 $2 {[#]} (42... Qe6 43. d5 Qxe5 44. Bxe5 Bxe5) 43. Rxc7 $1 {[%mdl 512]} Rxc7 44. e6 Rhc5 {[#]} 45. Rxc5 (45. e7 $142 $1 {[%mdl 512]} Rxc1 46. e8=Q+ Nc8 47. f7) 45... Qxc5 46. e7 Qh5 {[#]} 47. Nf5 $2 ({White should try} 47. Nd5 $1 $18 {[%mdl 512]} Na8 (47... Nxd5 48. Bxd5) 48. Nxc7 Nxc7 49. Bd5 $1 {[%mdl 576] Pin}) 47... Nc8 $2 {[%mdl 8192]} (47... Nd7 $11 48. Bxc7+ Kxc7) 48. N1e3 Qg6 49. Nd5 {[%mdl 64] Pin} Qxf5 50. Bxc7+ {Accuracy: White = 64%, Black = 39%.} (50. e8=Q $142 a5 51. Bxc7+ Ka7 52. Qb5 Qe6 53. Qc5+ b6 {[#]} 54. Bxb6+ $1 {[%mdl 512]} Qxb6 55. Nxb6 Nxb6 56. Qc7+ Ka6 57. Bf1+ Nc4 58. Bxc4#) 1-0

[Event "GCT Saint Louis Rapid 2019"]
[Site "Saint Louis"]
[Date "2019.08.11"]
[Round "4.1"]
[White "Caruana, Fabiano"]
[Black "Carlsen, Magnus"]
[Result "1-0"]
[WhiteElo "2819"]
[BlackElo "2872"]
[Annotator "RC"]
[PlyCount "77"]
[EventDate "2019.08.10"]
[EventType "tourn"]
[EventCountry "USA"]
[SourceTitle "playchess.com"]
[Source "ChessBase"]
[SourceQuality "1"]
[TimeMode "Bronstein"]
[TimeControl "1500+10"]

1. e4 {[%emt 0:00:00]} c5 {[%emt 0:00:00]} 2. Nf3 {[%emt 0:00:00]} Nc6 {[%emt 0:00:00]} 3. Bb5 {[%emt 0:00:00]} e6 {[%emt 0:00:00]} 4. Bxc6 {[%emt 0:00:00]} bxc6 {[%emt 0:00:00]} 5. d3 {[%emt 0:00:00]} Ne7 {[%emt 0:00:00]} 6. b3 {[%emt 0:00:00]} Ng6 {[%emt 0:01:03]} 7. h4 {[%emt 0:00:00]} h5 {[%emt 0:00:10]} 8. e5 {[%emt 0:00:00]} f6 {[%emt 0:00:31]} 9. Nbd2 {[%emt 0:00:08]} d6 {[%emt 0:00:41]} 10. exd6 {[%emt 0:00:08]} e5 {[%emt 0:00:10]} 11. Bb2 {[%emt 0:00:42]} Bg4 12. Qe2 {[%emt 0:01:27]} Qxd6 {[%emt 0:01:13]} 13. g3 {[%emt 0:01:15]} Be7 {[%emt 0:00:30]} 14. O-O-O {[%emt 0:00:10]} Nf8 {[%emt 0:00:10]} 15. Rde1 {[%emt 0:00:18]} Ne6 {[%emt 0:00:11]} 16. Qe4 {[%emt 0:00:12]} Qd5 {[%emt 0:00:49]} 17. Nxe5 {[%emt 0:02:06]} Qxe4 {[%emt 0:00:57]} 18. dxe4 {[%emt 0:00:10]} fxe5 {[%emt 0:00:31]} 19. f3 {[%emt 0:00:10]} Nd4 {[%emt 0:01:06]} 20. fxg4 {[%emt 0:00:10]} hxg4 {[%emt 0:00:10]} 21. Nc4 {[%emt 0:01:05]} O-O 22. Kb1 {[%emt 0:02:33]} Rf2 {[%emt 0:04:58]} 23. Nxe5 Nxc2 {[%emt 0:00:10]} 24. Nxg4 {[%emt 0:00:34]} Rg2 25. Reg1 {[%emt 0:02:25]} Re2 {[%emt 0:00:10]} 26. h5 {[%emt 0:00:23]} c4 {[%emt 0:03:29]} 27. h6 {[%emt 0:01:53]} c3 {[%emt 0:05:57]} 28. h7+ {[%emt 0:00:10]} Kf7 {[%emt 0:00:10]} 29. Rf1+ {[%emt 0:01:09]} Bf6 {[%emt 0:00:10]} 30. Bc1 {[%emt 0:03:10]} Nb4 {[%emt 0:01:14]} 31. e5 {[%emt 0:00:38]} Rxa2 {[%emt 0:00:38]} 32. Ne3 {[%emt 0:00:14]} Rh8 {[%emt 0:01:33]} 33. exf6 {[%emt 0:00:10]} g5 {[%emt 0:00:10]} 34. Rd1 {[%emt 0:01:06]} a5 {[%emt 0:00:16]} 35. Rd4 {[%emt 0:01:07]} c2+ {[%emt 0:00:48]} 36. Nxc2 {[%emt 0:00:10]} Rxc2 {[%emt 0:00:10]} 37. Rxb4 {[%emt 0:00:10]} Rxc1+ {[%emt 0:00:10]} 38. Kxc1 {[%emt 0:00:10]} axb4 {[%emt 0:00:10]} 39. Rh6 {[%emt 0:00:10]} 1-0

[Event "GCT Saint Louis Rapid 2019"]
[Site "Saint Louis"]
[Date "2019.08.11"]
[Round "4.2"]
[White "Aronian, Levon"]
[Black "Ding, Liren"]
[Result "1/2-1/2"]
[WhiteElo "2756"]
[BlackElo "2812"]
[Annotator "TA"]
[PlyCount "68"]
[EventDate "2019.08.10"]
[EventType "tourn"]
[EventCountry "USA"]
[SourceTitle "playchess.com"]
[Source "ChessBase"]
[SourceQuality "1"]

{[%evp 9,68,5,13,6,10,0,0,-1,-2,-10,-14,-43,-26,-34,-6,-23,-8,-5,-9,-14,0,0,0,0,0,0,4,0,0,0,0,-4,0,-22,9,-36,0,-24,-21,-27,0,0,0,0,0,0,0,0,43,37,47,8,1,12,11,-4,0,0,7,0,34]} 1. e4 c6 2. Nc3 d5 3. Nf3 Nf6 4. e5 Ne4 5. Be2 (5. Ne2 Qb6 6. d4 e6 7. Ng3 c5 8. Bd3 Nxg3 9. hxg3 cxd4 10. Ng5 Nc6 11. Nxh7 Bd7 12. Qe2 O-O-O 13. O-O {0-1 (30) Mamedov,R (2703)-Piorun,K (2634) St Petersburg 2018}) 5... Nxc3 6. dxc3 {B11: Caro-Kann: Two Knights Variation} Bg4 7. Nd4 Bxe2 8. Qxe2 e6 9. Qg4 $146 ({Predecessor:} 9. f4 c5 10. Nf3 Nc6 11. O-O Be7 12. Be3 Qc7 {1-0 (55) Trent,L (2463)-Pedersen,S (2375) Germany 2016}) 9... Nd7 {[%cal Bb8d7,Bd7f8,Bf8g6,Bg6e7,Be7f5][%mdl 32]} 10. Nf3 h5 11. Qf4 Be7 12. h4 Nf8 13. Qg3 Ng6 14. Bg5 Qc7 15. Bxe7 Qxe7 16. O-O-O O-O-O 17. Rhe1 Qf8 18. Rd3 Ne7 19. Qf4 Nf5 20. Nd4 g6 21. Qg5 (21. Nxf5 {is more complex.} gxf5 22. Rg3 Qc5 23. Qd4 Qa5 24. Kb1) 21... Qh6 (21... Qc5 {with more complications.} 22. Qf4 Qa5 23. Kb1 c5 24. Nxf5 gxf5 25. Rg3 d4) 22. Qxh6 Rxh6 (22... Nxh6 {feels hotter.} 23. a4 Rhf8 24. b3 Ng4 25. Rd2 c5) 23. g3 Rhh8 24. Nf3 Kd7 25. c4 Ke7 26. Ra3 Ra8 27. c5 b6 28. Rc3 d4 29. Ra3 Rhb8 30. Ra4 bxc5 {The position is equal.} 31. Rc4 Rb5 32. b3 Rd8 33. Ra4 a5 34. Nd2 Ra8 {Accuracy: White = 52%, Black = 53%.} 1/2-1/2

[Event "GCT Saint Louis Rapid 2019"]
[Site "Saint Louis"]
[Date "2019.08.11"]
[Round "4.3"]
[White "Rapport, Richard"]
[Black "Dominguez Perez, Leinier"]
[Result "0-1"]
[WhiteElo "2735"]
[BlackElo "2760"]
[Annotator "TA"]
[PlyCount "48"]
[EventDate "2019.08.10"]
[EventType "tourn"]
[EventCountry "USA"]
[SourceTitle "playchess.com"]
[Source "ChessBase"]
[SourceQuality "1"]

{[%evp 19,48,41,38,0,4,4,6,8,5,6,6,7,8,18,16,13,2,0,0,-41,-6,-10,-8,-17,-29,-18,0,0,0,-953,-939]} 1. Nf3 d5 2. g3 Nf6 3. Bg2 e6 4. O-O Be7 5. c4 O-O 6. d4 dxc4 7. Ne5 Nc6 8. Bxc6 bxc6 9. Nxc6 Qe8 10. Nxe7+ Qxe7 11. b3 {E05: Open Catalan: 5 Nf3 Be7} (11. Qa4 e5 12. dxe5 Qxe5 13. Re1 Be6 14. Nc3 Ne4 15. Qc2 Nxc3 16. Qxc3 Qxc3 17. bxc3 Rab8 18. f3 Rfd8 19. Bf4 Rb2 {½-½ (32) Nakamura,H (2746)-So,W (2762) Saint Louis 2019}) 11... cxb3 12. Qxb3 {Threatens to win with Ba3.} Rd8 13. Ba3 {The position is equal.} Qe8 14. Rd1 {[#]} e5 $146 ({Predecessor:} 14... Ba6 15. Nc3 c6 16. Qa4 Bb5 17. Qc2 {½-½ (17) Bacallao Alonso,Y (2582)-Mareco,S (2656) Buenos Aires 2018}) 15. d5 Qd7 16. Nc3 e4 17. d6 {aiming for dxc7.} c6 18. Qa4 Re8 19. Qa5 h6 20. f3 Qh3 21. Nxe4 Nxe4 22. fxe4 Rxe4 23. Qd8+ Kh7 24. d7 $2 {[%mdl 8192] [#]} (24. Rd2 $11 Re3 25. d7 Rxa3 26. Qe7 (26. dxc8=B Qxc8 27. Qe7 Qf8 $15) 26... Rxg3+ 27. hxg3 Qxg3+ 28. Kh1 (28. Kf1 Qf4+ 29. Kg1 Qg3+ 30. Kh1 Qh3+ 31. Kg1 Qg3+ $11) 28... Qh3+ 29. Kg1 Qg3+ 30. Kf1 Qh3+ 31. Kg1 Qg3+) 24... Ba6 $3 {[%mdl 512] Accuracy: White = 56%, Black = 87%.} 0-1

[Event "GCT Saint Louis Rapid 2019"]
[Site "Saint Louis"]
[Date "2019.08.11"]
[Round "4.4"]
[White "Vachier-Lagrave, Maxime"]
[Black "Karjakin, Sergey"]
[Result "1-0"]
[WhiteElo "2775"]
[BlackElo "2748"]
[Annotator "TA"]
[PlyCount "131"]
[EventDate "2019.08.10"]
[EventType "tourn"]
[EventCountry "USA"]
[SourceTitle "playchess.com"]
[Source "ChessBase"]
[SourceQuality "1"]

{[%evp 10,131,32,22,35,16,19,19,28,0,29,28,17,25,18,0,0,0,0,0,0,0,0,0,0,0,0,0,0,0,0,0,0,0,6,0,14,9,18,15,18,6,35,35,35,35,35,35,35,35,30,28,28,28,35,35,34,27,28,27,32,11,11,8,11,11,11,11,35,11,65,0,0,0,8,0,139,139,139,86,85,94,77,77,29957,29959,29954,29938,7189,5073,29976,29977,29977,29978,29976,29974,29975,29976,29974,29973,29973,29973,29977,29978,29977,29978,29980,29980,29980,29981,29981,29982,29982,29983,29983,29984,29984,29985,29985,29986,29988,29987,29989,29990]} 1. e4 c6 2. Nf3 d5 3. Nc3 dxe4 4. Nxe4 Nf6 5. Qe2 Nxe4 6. Qxe4 Qa5 {B11: Caro-Kann: Two Knights Variation} 7. c3 $146 (7. Bd3 Na6 8. Qe5 Qxe5+ 9. Nxe5 Nb4 10. Be4 f6 11. c3 Nd5 12. Nf3 a5 13. d4 a4 14. Bd2 {½-½ (41) Adams,M (2703)-Howell,D (2696) London 2018}) 7... Bf5 8. Qf4 e6 {The position is equal.} 9. Nh4 Bg6 10. d4 Nd7 {[%cal Bb8d7,Bd7e5,Be5d3][%mdl 32]} 11. Nxg6 hxg6 12. Bd3 e5 13. dxe5 Nxe5 14. Be2 O-O-O 15. O-O Bd6 {[#] Hoping for ...Nd3!} 16. h3 Nd3 17. Qg5 Qe5 18. Qxe5 Bxe5 19. Bxd3 Rxd3 20. Re1 f6 21. Be3 b6 22. Kf1 Rhd8 23. Ke2 R3d7 24. h4 Kb7 25. a4 c5 26. a5 Kc6 27. axb6 axb6 28. Ra4 f5 29. g3 Re8 30. Kf3 {Threatens to win with Bf4.} Bf6 31. Rea1 Rd3 32. Ke2 Rd7 33. Ra8 Rxa8 34. Rxa8 Rd8 35. Rxd8 (35. Ra7 {is more complex.} Rd7 36. Ra1 Rd8 37. Bg5 Bxg5 38. hxg5 Rd7 39. Ra8) 35... Bxd8 $14 {[%mdl 4096] Endgame KB-KB} 36. c4 b5 37. Kd3 Bf6 38. b3 Be5 39. Bd2 Bd4 (39... b4 $11) 40. f3 ({White should play} 40. cxb5+ $14 Kb6 41. Be3 Bxe3 42. Kxe3) 40... Bf2 $11 41. Bf4 Bd4 42. g4 bxc4+ (42... b4 $11 {keeps the balance.}) 43. Kxc4 $16 ({Much worse is} 43. bxc4 $6 Bf2 $11) 43... fxg4 44. fxg4 Bf6 45. h5 gxh5 46. gxh5 Be7 $2 {[%mdl 8192] [#]} (46... Bb2 $16 47. Be3 Ba3) 47. Be5 Bf8 48. Bc3 Kd6 49. Bb2 Kc6 50. Be5 {White mates.} Kb6 51. Kd5 Kb5 52. Bc3 Be7 53. Bxg7 Bg5 54. Bc3 ({Weaker is} 54. h6 Bxh6 55. Be5 (55. Bxh6 Kb4 $11) 55... Kb4 $11) 54... Bh6 55. Be1 Bc1 56. Bf2 Kb4 57. Bxc5+ Kxb3 58. Ke4 Bh6 59. Kf5 Kc4 60. Kg6 Bd2 61. Be7 Kd5 62. Bg5 Bc3 63. h6 Ke6 64. h7 Bh8 65. Bh6 Ke7 66. Bg7 {Accuracy: White = 71%, Black = 61%.} 1-0